| 000 | 00390nam a22001571a 4500 | ||
|---|---|---|---|
| 020 | _a9788188028600 | ||
| 082 |
_aH3 _bKHW/L |
||
| 100 | _aKhwaja Ahmed Abbas | ||
| 245 |
_aLaga chunari meim daga/ _cby Khwaja Ahmed Abbas |
||
| 260 |
_aNew Delhi: _bSuruchi Sahitya, _c2010. |
||
| 300 | _a160p. | ||
| 650 | _aNovel Hindi | ||
| 650 | _aLiterature Hindi | ||
| 650 | _aLiterature | ||
| 942 | _cBK | ||
| 999 |
_c25019 _d25019 |
||